00810nam a2200241 i 450000100060000000300090000600500170001500700030003200800410003502000180007608000120009424501360010626000470024230000220028949000390031150400300035065000260038070000280040670000370043470000250047183000390049685200330053592616ES-MaACL20250728095753.0t|050407s2003 sp ||||1| spa d a84-493-1510-7 a321.72800aNuevas ideas republicanas b: autogobierno y libertad / cFélix Ovejero, José Luis Martí y Roberto Gargarella (compiladores). aBarcelona : bPaidós Ibérica, c[2003] a285 p. ; c24 cm.1 aPaidós estado y sociedad ; v115 aBibliografía: p. 62-73. 7aRepublicanismo2embne0 aOvejero Lucas, Félix.1 aMartí Màrmol, Josep Lluís.1 aGargarella, Roberto.0 aPaidós estado y sociedad ; v115 aES-MaACLjL-29051 bR.135522